000
00339nam a2200145Ia 4500
008
230718s9999 xx 000 0 und d
041
_a
Eng.
082
_a
340
_b
PAR-M
100
_a
Parmar , S. P. Singh
245
0
_a
Medical Juris prodence
260
_a
Pakistan
_b
Irfan law book
_c
2008
300
_a
1064
650
_a
Law
999
_c
29592
_d
29592